[Event "Acropolis 2007"]
[Site "Athens"]
[Date "2007.08.19"]
[Round "6.19"]
[White "Danielian, Elina"]
[Black "Karagiannis, Athanasios"]
[Result "1-0"]
[WhiteElo "2439"]
[BlackElo "2349"]
[Annotator "Michailidis Anastasios"]
[PlyCount "91"]
[EventDate "2007.08.14"]
[Source "Greek Chess Fed"]

1. d4 Nf6 2. Nf3 e6 3. e3 c5 4. c4 cxd4 5. exd4 d5 6. Nc3 Be7 7. cxd5 exd5 8.
Bd3 Nc6 9. h3 O-O 10. O-O h6 11. Bf4 Be6 12. Re1 Bd6 13. Qd2 Re8 14. Rac1 Rc8
15. Be5 Bb4 16. a3 Bf8 17. b4 a5 18. b5 Nxe5 19. dxe5 Bxa3 20. exf6 Bxc1 21.
Rxc1 Qxf6 22. Bf1 Red8 23. Nd4 Qg5 24. f4 Qf6 25. Re1 Bf5 26. Re5 Be4 27. Qe3
Qd6 28. Nxe4 dxe4 29. Nf5 Qd1 30. Ne7+ Kh8 31. Nxc8 Rxc8 32. Qxe4 a4 33. Rd5
Qa1 34. Qd4 Qc1 35. Rd8+ Rxd8 36. Qxd8+ Kh7 37. Qd3+ Kg8 38. Qc4 Qe3+ 39. Kh2
a3 40. Qc8+ Kh7 41. Qf5+ Kg8 42. Bc4 Qe7 43. b6 Qf8 44. Qd7 g5 45. Qxb7 gxf4
46. Qc7 1-0

[Event "Acropolis 2007"]
[Site "Athens"]
[Date "2007.08.19"]
[Round "6.20"]
[White "Papadopoulos, Ioannis"]
[Black "Kadimova, Ilaha"]
[Result "1-0"]
[WhiteElo "2395"]
[BlackElo "2316"]
[Annotator "Michailidis Anastasios"]
[PlyCount "63"]
[EventDate "2007.08.14"]
[Source "Greek Chess Fed"]

1. d4 d5 2. c4 c6 3. Nf3 Nf6 4. e3 e6 5. Bd3 Nbd7 6. b3 Bd6 7. O-O O-O 8. Bb2
Re8 9. Ne5 c5 10. f4 b6 11. cxd5 exd5 12. Nd2 a5 13. Qe2 a4 14. bxa4 Rxa4 15.
Bb5 Ra8 16. a4 Qe7 17. Rae1 Ne4 18. Nxe4 dxe4 19. Qc2 Bxe5 20. fxe5 Bb7 21. Bc4
Rf8 22. Rf4 Kh8 23. Ref1 Qg5 24. Qf2 cxd4 25. exd4 e3 26. Qe2 f5 27. e6 Nf6 28.
Rxf5 Qg6 29. d5 Rxa4 30. e7 Rc8 31. Rxf6 gxf6 32. Rxf6 1-0

[Event "Acropolis 2007"]
[Site "Athens"]
[Date "2007.08.19"]
[Round "6.21"]
[White "Skalkotas, Nikolaos"]
[Black "Grigoriadis, Alexandros"]
[Result "0-1"]
[WhiteElo "2275"]
[BlackElo "2362"]
[Annotator "Michailidis Anastasios"]
[PlyCount "74"]
[EventDate "2007.08.14"]
[Source "Greek Chess Fed"]

1. d4 Nf6 2. c4 e6 3. g3 c5 4. Nf3 b6 5. Bg2 Bb7 6. d5 exd5 7. Nh4 b5 8. cxd5
g6 9. O-O Bg7 10. Qb3 Qb6 11. Na3 Ba6 12. d6 Nc6 13. Be3 Rc8 14. Rac1 c4 15.
Qd1 Qa5 16. Bd2 b4 17. Nxc4 Qxa2 18. b3 Nd4 19. e3 Nxb3 20. Rc2 Qa4 21. Nb2 Qa3
22. Rxc8+ Bxc8 23. Qc2 Ba6 24. Nc4 Na1 25. Qb1 Bxc4 26. Qxa1 O-O 27. Qd4 Bxf1
28. Bxf1 a5 29. e4 Ng4 30. Qc5 Qb2 31. Nf3 Ne5 32. Nxe5 Qxe5 33. Qc7 Qxe4 34.
Qxd7 b3 35. Qb5 b2 36. Bd3 Qe5 37. Qxa5 Qxd6 0-1

[Event "Acropolis 2007"]
[Site "Athens"]
[Date "2007.08.19"]
[Round "6.22"]
[White "Chigladze, Iveri"]
[Black "Pountzas, Hrisanthos"]
[Result "1/2-1/2"]
[WhiteElo "2341"]
[BlackElo "2238"]
[Annotator "Michailidis Anastasios"]
[PlyCount "192"]
[EventDate "2007.08.14"]
[Source "Greek Chess Fed"]

1. Nf3 Nf6 2. g3 g6 3. Bg2 Bg7 4. O-O O-O 5. c4 d6 6. Nc3 e5 7. d3 Re8 8. e4
Nc6 9. Rb1 Bg4 10. h3 Bd7 11. b4 Qc8 12. Kh2 h6 13. a4 a6 14. b5 axb5 15. axb5
Nd8 16. Bb2 Ne6 17. Nh4 Qd8 18. Qe1 Nh5 19. Qd1 Nhf4 20. Ne2 Nxg2 21. Nxg2 Ng5
22. g4 Nf3+ 23. Kg3 Qf6 24. Nc3 Ng5 25. Nd5 Qd8 26. f4 exf4+ 27. Rxf4 Re5 28.
Qf1 Ra2 29. Nf6+ Kf8 30. h4 Ne6 31. Bxe5 dxe5 32. Nxd7+ Qxd7 33. Rf3 Nf4 34.
Rf2 Ra3 35. Rd1 h5 36. Ne3 hxg4 37. Nxg4 Qd4 38. Kf3 Kg8 39. Ne3 Qd7 40. Nd5
Nh5 41. Qg2 c6 42. bxc6 bxc6 43. Ne3 Bh6 44. Rfd2 Qa7 45. Qg1 Kh7 46. Nc2 Bxd2
47. Nxa3 Qa5 48. Qf2 Bb4 49. Nc2 Bc5 50. Qd2 Qd8 51. Qg5 Qd7 52. Qg4 Qd6 53.
Kg2 Bb6 54. Kh2 Qf6 55. Ne1 Qf2+ 56. Ng2 Be3 57. Kh3 Bd4 58. Rb1 c5 59. Kh2 Kg7
60. Re1 Nf4 61. Rd1 Kh7 62. Qg3 Qc2 63. Rf1 Kg7 64. Qf3 f6 65. Kh1 Nh5 66. Ne3
Qa2 67. Nd5 Qa6 68. Qg4 Qa2 69. Nxf6 Nxf6 70. Qf3 Nh7 71. h5 Nf8 72. Qf7+ Kh6
73. Qxf8+ Kxh5 74. Qh8+ Kg5 75. Qh3 Qe2 76. Qg2+ Qxg2+ 77. Kxg2 Kg4 78. Rf6 g5
79. Rf5 Bc3 80. Kf1 Bd4 81. Ke2 Bb2 82. Rf7 Bd4 83. Rd7 Bg1 84. Rd8 Kf4 85. Rd5
g4 86. Kf1 Bd4 87. Rxd4 exd4 88. Kf2 g3+ 89. Kg2 Kg4 90. Kg1 Kf4 91. Kg2 Kg4
92. e5 Kf5 93. Kxg3 Kxe5 94. Kg4 Ke6 95. Kf4 Kf6 96. Ke4 Ke6 1/2-1/2

[Event "Acropolis 2007"]
[Site "Athens"]
[Date "2007.08.19"]
[Round "6.23"]
[White "Nikolaou, Georgios"]
[Black "Krivec, Jana"]
[Result "1-0"]
[WhiteElo "2257"]
[BlackElo "2340"]
[Annotator "Michailidis Anastasios"]
[PlyCount "85"]
[EventDate "2007.08.14"]
[Source "Greek Chess Fed"]

1. Nf3 Nf6 2. g3 g6 3. Bg2 Bg7 4. c4 c6 5. Qc2 d5 6. b3 O-O 7. Bb2 Bf5 8. d3
Qc8 9. O-O Bh3 10. Nbd2 Bxg2 11. Kxg2 Nbd7 12. e4 dxe4 13. dxe4 Qc7 14. e5 Ne8
15. e6 fxe6 16. Ng5 c5 17. Rae1 Bxb2 18. Qxb2 Qc6+ 19. Kg1 Ng7 20. f4 Rad8 21.
Ndf3 Nf6 22. Qc2 Rd6 23. Ne5 Qe8 24. g4 Qd8 25. Re2 Qe8 26. h4 Rd4 27. Rg2 Nd7
28. Nd3 b6 29. Nf3 Rd6 30. Ng5 Rd4 31. h5 gxh5 32. Nxc5 Qg6 33. Qxg6 hxg6 34.
Ncxe6 Rd6 35. Nxf8 Nxf8 36. gxh5 gxh5 37. f5 Rf6 38. Ne4 Rf7 39. f6 exf6 40.
Nxf6+ Kh8 41. Nxh5 Rxf1+ 42. Kxf1 Nxh5 43. Rh2 1-0

[Event "Acropolis 2007"]
[Site "Athens"]
[Date "2007.08.19"]
[Round "6.24"]
[White "Makka, Evanthia"]
[Black "Burtasova, Anna"]
[Result "0-1"]
[WhiteElo "2107"]
[BlackElo "2337"]
[Annotator "Michailidis Anastasios"]
[PlyCount "96"]
[EventDate "2007.08.14"]
[Source "Greek Chess Fed"]

1. e4 c5 2. Nf3 e6 3. d4 cxd4 4. Nxd4 Nf6 5. Nc3 Bb4 6. e5 Ne4 7. Qg4 Nxc3 8.
Qxg7 Rf8 9. Bd2 Nd5 10. c3 Be7 11. Nb5 a6 12. Nd6+ Bxd6 13. exd6 Qf6 14. Qxh7
Qe5+ 15. Be2 Nc6 16. O-O-O Rh8 17. Qd3 Nf4 18. Bxf4 Qxf4+ 19. Kb1 b5 20. g3 Qf6
21. Qe3 Rb8 22. f4 Bb7 23. Bf3 Na5 24. Bxb7 Rxb7 25. Ka1 Nc4 26. Qe4 Rb6 27. g4
Nxd6 28. Qe3 Nc4 29. Qf3 Ke7 30. g5 Qf5 31. h4 Qc2 32. Rb1 Nd2 33. Qe3 Rd6 34.
Rbc1 Qxb2+ 35. Kxb2 Nc4+ 36. Kb3 Nxe3 37. h5 Nf5 38. h6 Rd3 39. a4 bxa4+ 40.
Kxa4 d5 41. Rb1 Nd6 42. Rb3 Rf3 43. Rh4 Nf5 44. Rg4 Nd6 45. Rh4 Rg3 46. Rh5 Rg1
47. Ka3 Rg4 48. Rb4 a5 0-1

[Event "Acropolis 2007"]
[Site "Athens"]
[Date "2007.08.19"]
[Round "6.25"]
[White "Pavlidis, Anastasios"]
[Black "Kotrotsos, Vasilios"]
[Result "1-0"]
[WhiteElo "2182"]
[BlackElo "2337"]
[Annotator "Michailidis Anastasios"]
[PlyCount "139"]
[EventDate "2007.08.14"]
[Source "Greek Chess Fed"]

1. d4 Nf6 2. c4 c5 3. d5 e6 4. Nc3 exd5 5. cxd5 d6 6. e4 g6 7. Nf3 a6 8. a4 Bg4
9. Be2 Bxf3 10. Bxf3 Bg7 11. O-O O-O 12. Bf4 Qe7 13. Qb3 Qc7 14. Rad1 Nbd7 15.
e5 dxe5 16. d6 Qa5 17. Bd2 Qb4 18. Qa2 Rab8 19. Nd5 Qh4 20. Ne7+ Kh8 21. h3 e4
22. Be2 b5 23. axb5 axb5 24. Kh2 Ne8 25. Qa7 Be5+ 26. g3 Nxd6 27. Qxd7 Rb7 28.
Bc3 Qxe7 29. Qxd6 Qxd6 30. Rxd6 Bxc3 31. bxc3 b4 32. cxb4 cxb4 33. Ba6 Rc7 34.
Rd2 Ra8 35. Be2 b3 36. Bd1 Rc1 37. Kg2 Raa1 38. Be2 Rxf1 39. Bxf1 Ra2 40. Rd8+
Kg7 41. Re8 b2 42. Rb8 b1=Q 43. Rxb1 e3 44. Kf3 Rxf2+ 45. Kxe3 Rf5 46. Bc4 h5
47. Rb7 Re5+ 48. Kd4 Rf5 49. Bd5 Kf8 50. Kc5 Rf6 51. g4 hxg4 52. hxg4 g5 53.
Be4 Rf1 54. Kd5 Kg7 55. Ke5 Rf4 56. Bf5 Rf1 57. Rb2 Re1+ 58. Be4 Ra1 59. Rf2
Ra7 60. Rf5 Re7+ 61. Kd4 Kh6 62. Rf1 Kg7 63. Bf5 Ra7 64. Rc1 Re7 65. Rc5 Ra7
66. Bd3 Kh6 67. Ke5 Ra2 68. Kf6 Ra3 69. Rxg5 Ra5 70. Bb5 1-0

[Event "Acropolis 2007"]
[Site "Athens"]
[Date "2007.08.19"]
[Round "6.26"]
[White "Goritsas, Christos"]
[Black "Dounis, Alexandros"]
[Result "1-0"]
[WhiteElo "2327"]
[BlackElo "2190"]
[Annotator "Michailidis Anastasios"]
[PlyCount "65"]
[EventDate "2007.08.14"]
[Source "Greek Chess Fed"]

1. Nf3 Nf6 2. c4 g6 3. Nc3 d5 4. Qa4+ Bd7 5. Qb3 dxc4 6. Qxc4 Bg7 7. e4 O-O 8.
e5 Ng4 9. d4 Be6 10. d5 Bf5 11. Bf4 Nd7 12. Qe2 g5 13. Bg3 f6 14. e6 Nde5 15.
Rd1 Bg6 16. h3 Nxf3+ 17. Qxf3 Ne5 18. Qe3 Qd6 19. Be2 Qb4 20. Rd2 Nc4 21. Qd4
b5 22. a3 Qa5 23. Bxc4 bxc4 24. Qxc4 Rac8 25. O-O f5 26. f4 h6 27. Bf2 c5 28.
d6 Bh8 29. d7 Rc6 30. Rd5 Rd8 31. Rxc5 Rxc5 32. Qxc5 Qxc5 33. Bxc5 1-0

[Event "Acropolis 2007"]
[Site "Athens"]
[Date "2007.08.19"]
[Round "6.27"]
[White "Lauridsen, Jesper Morck"]
[Black "Pavlidis, Antonios"]
[Result "1/2-1/2"]
[WhiteElo "2302"]
[BlackElo "2175"]
[Annotator "Michailidis Anastasios"]
[PlyCount "65"]
[EventDate "2007.08.14"]
[Source "Greek Chess Fed"]

1. e4 e5 2. Nf3 Nc6 3. Bb5 a6 4. Bxc6 dxc6 5. O-O Ne7 6. Nxe5 Qd4 7. Qh5 g6 8.
Qg5 Bg7 9. Nf3 Qxe4 10. Re1 Qb4 11. b3 h6 12. Qe3 Be6 13. Ba3 Qa5 14. Nd4 Nf5
15. Nxf5 Qxf5 16. Nc3 O-O-O 17. Rac1 Rhe8 18. Ne4 Bd4 19. Qf3 Qxf3 20. gxf3 f5
21. Nc3 g5 22. Ne2 Bf6 23. Ng3 Bh8 24. Re2 Bd5 25. Rxe8 Rxe8 26. Nxf5 Kd7 27.
Nxh6 Bxf3 28. Nf5 Be5 29. Bc5 Be4 30. Ng3 Bxg3 31. fxg3 g4 32. Be3 b6 33. c3
1/2-1/2

[Event "Acropolis 2007"]
[Site "Athens"]
[Date "2007.08.19"]
[Round "6.28"]
[White "Papadopoulou, Vera"]
[Black "Logothetis, Sotirios"]
[Result "1/2-1/2"]
[WhiteElo "2192"]
[BlackElo "2300"]
[Annotator "Michailidis Anastasios"]
[PlyCount "106"]
[EventDate "2007.08.14"]
[Source "Greek Chess Fed"]

1. d4 d5 2. Nf3 Nf6 3. c4 c6 4. cxd5 cxd5 5. Nc3 Nc6 6. Bf4 a6 7. Rc1 Nh5 8.
Bg5 h6 9. Bd2 Nf6 10. Bf4 Bf5 11. a3 e6 12. e3 Be7 13. Bd3 Bxd3 14. Qxd3 O-O
15. O-O Na5 16. Ne5 b5 17. Bg3 Nc4 18. Rc2 Rc8 19. a4 Qa5 20. axb5 axb5 21. Nb1
Nxe5 22. Bxe5 Rc4 23. b3 Rxc2 24. Qxc2 Ra8 25. Rc1 Bb4 26. Bxf6 gxf6 27. Qc6
Kg7 28. h3 Ra6 29. Qe8 Ra8 30. Qd7 Ra7 31. Qe8 Rc7 32. Rxc7 Qxc7 33. Qxb5 Qc1+
34. Qf1 Qc2 35. g3 Qxb3 36. Qc1 Qa2 37. Qd1 Qb2 38. Kg2 Kf8 39. Kg1 Ke7 40. Kg2
Kd6 41. Qf1 Kc7 42. Qd1 Kb6 43. Kf3 Qa2 44. Kg2 Kb5 45. Kf3 Kb6 46. Kg2 e5 47.
g4 Kb5 48. Qd3+ Qc4 49. Qd1 e4 50. Kg3 Qd3 51. Qc1 Qc4 52. Na3+ Bxa3 53. Qxa3
Qc7+ 1/2-1/2

[Event "Acropolis 2007"]
[Site "Athens"]
[Date "2007.08.19"]
[Round "6.29"]
[White "Gogolis, Alexandros"]
[Black "Grapsa, Georgia"]
[Result "1-0"]
[WhiteElo "2289"]
[BlackElo "2076"]
[Annotator "Michailidis Anastasios"]
[PlyCount "115"]
[EventDate "2007.08.14"]
[Source "Greek Chess Fed"]

1. d4 d5 2. Bf4 Nf6 3. e3 c6 4. Nd2 e6 5. Bd3 Bd6 6. Bg3 b6 7. c3 Bb7 8. f4
Nbd7 9. Ngf3 Qc7 10. Ne5 Nf8 11. O-O O-O-O 12. b4 Ng8 13. Qa4 Kb8 14. Nef3 f5
15. Qb3 Qe7 16. a3 Nf6 17. c4 Ne4 18. c5 Nxd2 19. Nxd2 Bc7 20. Nf3 Ng6 21. a4
bxc5 22. bxc5 Kc8 23. Rfb1 Ba8 24. a5 Kd7 25. Qa4 Rb8 26. Be1 Rxb1 27. Rxb1 Rb8
28. Rxb8 Bxb8 29. a6 Bc7 30. Ba5 Qd8 31. Bxc7 Qxc7 32. Qb4 Kc8 33. Kf2 Qe7 34.
g3 h6 35. Be2 Nf8 36. Ne5 Nd7 37. Nd3 g5 38. Qb1 Nf6 39. Bf3 g4 40. Bg2 Qc7 41.
h3 Qa5 42. Nb4 Qa3 43. Qe1 Qb2+ 44. Kg1 gxh3 45. Bxh3 Ne4 46. Bg2 Nxg3 47. Qxg3
Qxb4 48. Qg8+ Kd7 49. Qf8 Kc7 50. Qd6+ Kc8 51. Qxe6+ Kd8 52. Qg8+ Kc7 53. Qg3
Qd2 54. Bf1 Qc1 55. Kf2 Qc2+ 56. Be2 Kd7 57. Qg7+ Ke6 58. Qg8+ 1-0

[Event "Acropolis 2007"]
[Site "Athens"]
[Date "2007.08.19"]
[Round "6.32"]
[White "Iordanidou, Zoi"]
[Black "Kanakaris, Georgios"]
[Result "0-1"]
[WhiteElo "2005"]
[BlackElo "2216"]
[Annotator "Michailidis Anastasios"]
[PlyCount "70"]
[EventDate "2007.08.14"]
[Source "Greek Chess Fed"]

1. e4 c5 2. Nf3 d6 3. d3 Nf6 4. Nbd2 Nc6 5. g3 e6 6. Bg2 Be7 7. O-O O-O 8. Re1
d5 9. e5 Nd7 10. Nf1 b5 11. h4 f6 12. exf6 Bxf6 13. Bh3 Nde5 14. Nxe5 Bxe5 15.
Nh2 Qc7 16. Kg2 Rxf2+ 17. Kxf2 Bxg3+ 18. Kg2 Bxh2 19. Qf3 Nd4 20. Qf2 Bb7 21.
Rf1 Bd6 22. c3 Nf5 23. Bxf5 exf5 24. d4 cxd4 25. cxd4 f4 26. Bd2 Rf8 27. Qf3
Qf7 28. Be1 Bc8 29. Rg1 Bf5 30. Kf1 Be4 31. Qc3 f3 32. Bf2 Qf5 33. Ke1 b4 34.
Qd2 Bf4 35. Qxb4 Re8 0-1

[Event "Acropolis 2007"]
[Site "Athens"]
[Date "2007.08.19"]
[Round "6.33"]
[White "Exizoglou, Dimitrios"]
[Black "Georgiadis, Ioannis"]
[Result "0-1"]
[WhiteElo "2224"]
[BlackElo "2413"]
[Annotator "Michailidis Anastasios"]
[PlyCount "126"]
[EventDate "2007.08.14"]
[Source "Greek Chess Fed"]

1. e4 e5 2. Nf3 Nc6 3. Bb5 a6 4. Ba4 Nf6 5. O-O Be7 6. Re1 b5 7. Bb3 d6 8. c3
O-O 9. h3 Nb8 10. d4 Nbd7 11. Nbd2 Bb7 12. Bc2 Re8 13. Nf1 Bf8 14. Ng3 g6 15.
a4 c5 16. d5 c4 17. Be3 Nc5 18. Qd2 Bg7 19. Nh2 Qd7 20. Ra3 Rec8 21. Rea1 Qe7
22. Bg5 Qf8 23. Ng4 Nfd7 24. Bh6 bxa4 25. Bxa4 f6 26. Bc2 Rcb8 27. Bxg7 Qxg7
28. Ne3 Nb6 29. Qe2 Bc8 30. R1a2 Bd7 31. Ngf1 Bb5 32. Nd2 Rc8 33. Ndxc4 Nxc4
34. Nxc4 Nxe4 35. Qxe4 Rxc4 36. Qe3 Qb7 37. b3 Rcc8 38. c4 Be8 39. Qe1 Rcb8 40.
Qa1 Rd8 41. Rxa6 Rxa6 42. Rxa6 Bf7 43. Qa5 Qe7 44. Qb6 f5 45. Ra7 Qf6 46. Qc7
e4 47. Qa5 Kg7 48. Qa1 Qxa1+ 49. Rxa1 Kf6 50. Kf1 g5 51. Ke2 Ke5 52. Kd2 Kd4
53. Ra4 Bg6 54. b4 Kxc4 55. b5+ Kxd5 56. b6 Rb8 57. Ra5+ Kc4 58. f3 Rxb6 59.
fxe4 fxe4 60. Ke3 d5 61. Ra4+ Kc5 62. Ra5+ Kd6 63. Ra7 Rb4 0-1

[Event "Acropolis 2007"]
[Site "Athens"]
[Date "2007.08.19"]
[Round "6.34"]
[White "Delithanasis, Dimitrios"]
[Black "Fakhiridou, Ekaterini"]
[Result "0-1"]
[WhiteElo "2217"]
[BlackElo "2284"]
[Annotator "Michailidis Anastasios"]
[PlyCount "96"]
[EventDate "2007.08.14"]
[Source "Greek Chess Fed"]

1. Nf3 g6 2. c4 Bg7 3. d4 d6 4. Nc3 Nd7 5. Bg5 h6 6. Bh4 Ngf6 7. e4 e5 8. d5
O-O 9. Nd2 a5 10. Bd3 Nc5 11. Bc2 Bd7 12. b3 Qc8 13. O-O Nh5 14. a3 Nf4 15. f3
f5 16. Qb1 b6 17. b4 Nb7 18. Kh1 Kh8 19. Qb2 Qe8 20. Bf2 Nh5 21. g3 Qe7 22. Bd3
Bf6 23. Rae1 Ng7 24. Nb5 Qd8 25. Rc1 Rf7 26. Rc2 h5 27. c5 bxc5 28. bxc5 Nxc5
29. Bxc5 dxc5 30. Rxc5 Rb8 31. a4 f4 32. Nb3 Be7 33. Rc2 Bd6 34. Nxa5 Qf8 35.
Rg2 Bh3 36. Nc6 Re8 37. Be2 g5 38. gxf4 Bxg2+ 39. Kxg2 Rxf4 40. a5 h4 41. a6 g4
42. fxg4 Rxf1 43. Bxf1 h3+ 44. Kg3 Qxf1 45. Nxd6 cxd6 46. a7 Qe1+ 47. Kxh3 Nh5
48. gxh5 Qe3+ 0-1

[Event "Acropolis 2007"]
[Site "Athens"]
[Date "2007.08.19"]
[Round "6.36"]
[White "Seretakis, Nikolas"]
[Black "Zografos, Achileas"]
[Result "1-0"]
[WhiteElo "2233"]
[BlackElo "2201"]
[Annotator "Michailidis Anastasios"]
[PlyCount "85"]
[EventDate "2007.08.14"]
[Source "Greek Chess Fed"]

1. e4 d5 2. exd5 Qxd5 3. Nc3 Qa5 4. d4 c6 5. Nf3 Nf6 6. Bd2 Bf5 7. Ne4 Qc7 8.
Nxf6+ gxf6 9. g3 e6 10. Bg2 Nd7 11. O-O Bg7 12. Re1 O-O 13. Nh4 Bg6 14. c4 Rad8
15. Be3 Nb6 16. Qe2 f5 17. Rad1 Qc8 18. Bf3 f4 19. Bxf4 Rxd4 20. Rxd4 Bxd4 21.
Nxg6 hxg6 22. Rd1 Bf6 23. b3 Rd8 24. h4 Rxd1+ 25. Qxd1 Qd7 26. Qe1 Qd3 27. Kg2
Bc3 28. Qe3 Qxe3 29. Bxe3 Nc8 30. Kf1 f5 31. Ke2 Bf6 32. Bg2 Kf7 33. Bc5 e5 34.
Bh3 Ke6 35. f3 Bd8 36. Be3 Be7 37. Bf2 Bd8 38. g4 Bb6 39. c5 Bd8 40. h5 gxh5
41. gxf5+ Kd7 42. f6+ Kc7 43. Bh4 1-0

[Event "Acropolis 2007"]
[Site "Athens"]
[Date "2007.08.19"]
[Round "6.37"]
[White "Draci, Robert"]
[Black "Ikonomopoulou, Maria"]
[Result "0-1"]
[WhiteElo "2228"]
[BlackElo "2029"]
[Annotator "Michailidis Anastasios"]
[PlyCount "66"]
[EventDate "2007.08.14"]
[Source "Greek Chess Fed"]

1. Nf3 d5 2. d4 Nf6 3. c4 c6 4. Nc3 e6 5. cxd5 exd5 6. Bg5 Nbd7 7. Qc2 Qa5 8.
Nd2 Be7 9. e3 O-O 10. Bd3 Re8 11. O-O Nf8 12. a3 Qd8 13. b4 Bg4 14. b5 cxb5 15.
Bxb5 Bd7 16. Qb3 Bc6 17. Bxc6 bxc6 18. Na4 Ne6 19. Bxf6 Bxf6 20. Rfc1 Bxd4 21.
Rab1 Qd6 22. Qd3 Bf6 23. Ne4 Qe5 24. Nxf6+ gxf6 25. Rxc6 Rab8 26. Rd1 d4 27.
Rc4 dxe3 28. Qxe3 Red8 29. Re1 Qd5 30. h3 Nd4 31. Kh1 Nf5 32. Qxa7 Rb3 33. Qa6
Rxh3+ 0-1

[Event "Acropolis 2007"]
[Site "Athens"]
[Date "2007.08.19"]
[Round "6.38"]
[White "Stefanidi, Maria Anna"]
[Black "Sioris, Georgios"]
[Result "0-1"]
[WhiteElo "2092"]
[BlackElo "2229"]
[Annotator "Michailidis Anastasios"]
[PlyCount "104"]
[EventDate "2007.08.14"]
[Source "Greek Chess Fed"]

1. e4 c5 2. Nf3 Nc6 3. d4 cxd4 4. Nxd4 e5 5. Nxc6 bxc6 6. Bd3 Nf6 7. O-O Be7 8.
Qe2 d6 9. Nc3 Be6 10. Kh1 Qb8 11. b3 Nd7 12. f4 exf4 13. Bxf4 Bf6 14. Bd2 Be5
15. Rae1 Qd8 16. Qf3 Qf6 17. Ne2 Qxf3 18. gxf3 g6 19. c4 Nc5 20. Bc2 Bg7 21.
Bf4 O-O-O 22. Rd1 Nb7 23. Be3 c5 24. Nf4 Na5 25. Nd5 Nc6 26. a3 Bb2 27. Bg5 Rd7
28. Bf6 Bxf6 29. Nxf6 Rdd8 30. f4 Nd4 31. Rf2 Bd7 32. Rd3 Bc6 33. Bd1 Kc7 34.
b4 a5 35. b5 Bb7 36. Kg1 Rb8 37. e5 dxe5 38. fxe5 Rbd8 39. Rdd2 h5 40. a4 Ba8
41. h3 Bb7 42. Kf1 Kb8 43. Ke1 Bc8 44. Rd3 Be6 45. Rc3 Nf5 46. Bf3 Rd4 47. b6
Bxc4 48. Rfc2 Bd3 49. Rxc5 Bxc2 50. Rxa5 Rxa4 51. Rc5 Rd8 52. Rxc2 Nd4 0-1

[Event "Acropolis 2007"]
[Site "Athens"]
[Date "2007.08.19"]
[Round "6.39"]
[White "Makka, Ioulia"]
[Black "Parginos, Vassilios"]
[Result "0-1"]
[WhiteElo "2187"]
[BlackElo "2226"]
[Annotator "Michailidis Anastasios"]
[PlyCount "76"]
[EventDate "2007.08.14"]
[Source "Greek Chess Fed"]

1. e4 c5 2. Nf3 Nc6 3. Bb5 e6 4. O-O Nge7 5. b3 Ng6 6. Bb2 Be7 7. Bxc6 bxc6 8.
Bxg7 Rg8 9. Bh6 e5 10. Kh1 d6 11. Nc3 Bg4 12. Ne2 Qd7 13. Nfg1 Nh4 14. f3 Be6
15. Ng3 O-O-O 16. Qe2 Rg6 17. Qa6+ Kb8 18. Be3 d5 19. d3 Rdg8 20. a3 h5 21. b4
d4 22. Bd2 Nxg2 23. Rfb1 Ka8 24. Kxg2 h4 25. N1e2 f5 26. exf5 Bxf5 27. bxc5
Bxc5 28. Ba5 Be6 29. Bb6 Bxb6 30. Rxb6 Bd5 31. Rab1 hxg3 32. hxg3 Bxf3+ 33.
Kxf3 Rxg3+ 34. Kf2 Rg2+ 35. Ke1 Rxe2+ 36. Kxe2 Qg4+ 37. Kd2 Qf4+ 38. Kd1 Rg1+
0-1

[Event "Acropolis 2007"]
[Site "Athens"]
[Date "2007.08.19"]
[Round "6.40"]
[White "Georgieva, Emilia"]
[Black "Sorokina, Anastasia"]
[Result "0-1"]
[WhiteElo "2023"]
[BlackElo "2208"]
[Annotator "Michailidis Anastasios"]
[PlyCount "122"]
[EventDate "2007.08.14"]
[Source "Greek Chess Fed"]

1. d4 d5 2. Nf3 Nf6 3. Bg5 Ne4 4. Bf4 Nd7 5. c3 g6 6. Nbd2 Bg7 7. Nxe4 dxe4 8.
Ng5 Nf6 9. Qb3 O-O 10. h4 h6 11. Nh3 Nd5 12. e3 c6 13. Be2 Bxh3 14. Rxh3 Nxf4
15. exf4 Qc7 16. g3 h5 17. O-O-O c5 18. d5 a6 19. Qc4 Qc8 20. Rhh1 f5 21. d6+
e6 22. a4 b5 23. axb5 axb5 24. Qxb5 Rb8 25. Qa6 Qd7 26. Bc4 Kh7 27. Kc2 Rfd8
28. Rd2 Ra8 29. Qb5 Qa7 30. Bb3 Rab8 31. Qc4 Qb7 32. Rhd1 e5 33. fxe5 Bxe5 34.
Rd5 Bg7 35. Rxc5 Qb6 36. d7 Rb7 37. Rc6 Qxf2+ 38. Rd2 Qxg3 39. Qg8+ Rxg8 40.
Bxg8+ Kxg8 41. d8=Q+ Kh7 42. Qg5 Qxg5 43. hxg5 Be5 44. Re6 Bf4 45. Rg2 h4 46.
b4 h3 47. Rg1 h2 48. Rh1 Rd7 49. b5 Rd2+ 50. Kb3 Bxg5 51. b6 Bf4 52. b7 Rg2 53.
Ra6 Rg1 54. Ra1 Rxh1 55. Rxh1 g5 56. Rf1 Bb8 57. c4 g4 58. c5 g3 59. c6 g2 60.
Rc1 g1=Q 61. c7 Qb6+ 0-1

[Event "Acropolis 2007"]
[Site "Athens"]
[Date "2007.08.20"]
[Round "7.2"]
[White "Rozentalis, Eduardas"]
[Black "Halkias, Stelios"]
[Result "1/2-1/2"]
[WhiteElo "2551"]
[BlackElo "2580"]
[Annotator "Michailidis Anastasios"]
[PlyCount "45"]
[EventDate "2007.08.14"]
[Source "Greek Chess Fed"]

1. e4 c5 2. Nf3 e6 3. c3 Nf6 4. e5 Nd5 5. Bc4 d6 6. O-O Nb6 7. Bb3 c4 8. Bc2
dxe5 9. Nxe5 N8d7 10. Nf3 Nf6 11. b3 Be7 12. Qe2 cxb3 13. axb3 Nbd5 14. d4 O-O
15. Qd3 Qc7 16. Ne5 Bd7 17. Bd2 Rfc8 18. c4 Be8 19. Ra2 Nb4 20. Bxb4 Bxb4 21.
Nd2 g6 22. Ndf3 Bf8 23. Qe3 1/2-1/2

[Event "Acropolis 2007"]
[Site "Athens"]
[Date "2007.08.20"]
[Round "7.4"]
[White "Svetushkin, Dmitry"]
[Black "Esen, Baris"]
[Result "1-0"]
[WhiteElo "2618"]
[BlackElo "2441"]
[Annotator "Michailidis Anastasios"]
[PlyCount "59"]
[EventDate "2007.08.14"]
[Source "Greek Chess Fed"]

1. e4 e6 2. d4 d5 3. Nc3 Nf6 4. e5 Nfd7 5. f4 c5 6. Nf3 Nc6 7. Be3 a6 8. Qd2
cxd4 9. Nxd4 Bc5 10. O-O-O O-O 11. Kb1 Nxd4 12. Bxd4 b5 13. Qe3 Qc7 14. Bd3 b4
15. Qh3 g6 16. Ne2 a5 17. Qe3 Ba6 18. h4 Rfc8 19. h5 Bxd3 20. cxd3 Nf8 21. g4
a4 22. f5 b3 23. a3 exf5 24. gxf5 Bxd4 25. Nxd4 Re8 26. e6 fxe6 27. hxg6 exf5
28. gxh7+ Nxh7 29. Rdg1+ Kh8 30. Ne6 1-0

[Event "Acropolis 2007"]
[Site "Athens"]
[Date "2007.08.20"]
[Round "7.5"]
[White "Gelashvili, Tamaz"]
[Black "Grivas, Efstratios"]
[Result "1/2-1/2"]
[WhiteElo "2604"]
[BlackElo "2507"]
[Annotator "Michailidis Anastasios"]
[PlyCount "167"]
[EventDate "2007.08.14"]
[Source "Greek Chess Fed"]

1. Nf3 Nf6 2. e3 g6 3. b4 Bg7 4. Bb2 O-O 5. Be2 d6 6. c4 a5 7. a3 axb4 8. axb4
Rxa1 9. Bxa1 e5 10. O-O Na6 11. Qb3 Be6 12. d4 exd4 13. Nxd4 Bg4 14. Bxg4 Nxg4
15. h3 Ne5 16. Rd1 c5 17. b5 cxd4 18. exd4 Nxc4 19. bxa6 Na5 20. Qd5 b6 21. Nc3
Qa8 22. Qb5 Nc6 23. Nd5 Nb8 24. Nb4 Qa7 25. d5 Rc8 26. Nc6 Nxc6 27. dxc6 Qc7
28. Bxg7 Kxg7 29. Ra1 Ra8 30. Qd5 Ra7 31. g4 h6 32. Qc4 Kh7 33. Ra2 Qb8 34. Rb2
Qc7 35. Qb5 Qc8 36. Ra2 Qc7 37. Ra1 Qd8 38. Rb1 Qc8 39. Qxb6 Qxa6 40. Qd4 Qa2
41. Rc1 Qa3 42. Rc2 Rc7 43. Kg2 Qb3 44. Qxd6 Ra7 45. Re2 Qc4 46. Re8 Ra1 47.
Kg3 Rg1+ 48. Kf3 Rc1 49. Re7 Qxc6+ 50. Qxc6 Rxc6 51. Rxf7+ Kg8 52. Re7 Rc3+ 53.
Kg2 g5 54. Re3 Rc4 55. Kg3 Kg7 56. f3 Rc1 57. h4 Rc2 58. Re7+ Kf6 59. Ra7 Rc6
60. h5 Ke5 61. Rf7 Ke6 62. Rf5 Rb6 63. Kf2 Rb3 64. Rf8 Ke5 65. Re8+ Kd5 66. Kg3
Rb6 67. Re3 Kd4 68. Re8 Kd5 69. Rf8 Ke6 70. Kf2 Ke5 71. Ke3 Rb3+ 72. Ke2 Ra3
73. Re8+ Kf4 74. Rf8+ Kg3 75. Rf6 Rb3 76. Rf5 Ra3 77. Rf7 Rb3 78. Rf6 Ra3 79.
Rxh6 Rxf3 80. Re6 Rf2+ 81. Ke1 Rf4 82. h6 Rf8 83. h7 Kxg4 84. Rh6 1/2-1/2